Les meilleurs buteurs all time - Statistiques

Statistiques générales
  • Ce quiz a été pris 148 fois
  • Le résultat moyen est 7 sur 15
Statistiques - réponses
Place Pays Nombre de but réponse % Correct
1er Portugal 885 Cristiano Ronaldo
100%
2eme Argentine 844 Lionel Messi
100%
3eme Brésil 757 Edson Arantes do Nascimento (Pelé)
92%
15eme Uruguay 557 Luis Suárez
74%
14eme Suède 561 Zlatan Ibrahimović
72%
5eme Hongrie 724 Ferenc Puskás
68%
12eme Pologne 617 Robert Lewandowski
67%
11eme Portugal 619 Eusébio da Silva Ferreira
54%
4eme Brésil 755 Romário de Souza Fari
30%
8eme Allemagne 634 Gerd Müller
21%
6eme Autriche 722 Josef Bican
6%
10eme Pays bas 624 Abe Lenstra
0%
13eme Irlande du nord 563 Glenn Ferguson
0%
7eme Irlande du nord 648 Jimmy Jones
0%
9eme Irlande 629 Joe Bambrick
0%
Aucun quiz correspondant
Distribution des résultats
% des personnes avec chaque résultat
Percentile par nombre de réponses
Votre historique - résultats
Vous n’avez pas pris ce quiz